Miasta w Kujawsko-Pomorskim powyżej 20k mieszkańców na mapie - Statystyki

Ogólne statystyki
  • Ten quiz został rozwiązany 13 razy
  • Średni wynik to 6 z 7
Odpowiedzi na mapie
Odpowiedzi zakodowano w zielono-czerwonej skali na mapie do tego quizu, zgodnie z poniższymi procentami.
 
Statystyki odpowiedzi
Populacja Miasto % Poprawnych
325 tys. Bydgoszcz
92%
90 tys. Grudziądz
92%
70 tys. Inowrocław
92%
195 tys. Toruń
92%
100 tys. Włocławek
92%
30 tys. Brodnica
58%
25 tys. Świecie
50%
Nie znaleziono quizów pasujących do podanych kryteriów
Rozkład punktacji
Procent ludzi z każdym wynikiem
Percentyl według liczby udzielonych odpowiedzi
Twoja historia wyników
Nie rozwiązałeś tego quizu